Hundred-Petalled Lotus/ (Record no. 189306)

MARC details
000 -LEADER
fixed length control field 00658nam a22001937a 4500
005 - DATE AND TIME OF LATEST TRANSACTION
control field 20220623112424.0
010 ## - LCCN (DPL NO)
LC control number ENG-133339
020 ## - INTERNATIONAL STANDARD BOOK NUMBER
International Standard Book Number 9789386771827
Terms of availability 275.00
035 ## - SYSTEM CONTROL NUMBER
System control number EN-116871
037 ## - SOURCE OF ACQUISITION
Source of stock number/acquisition DBAD/PUB
082 ## - DEWEY DECIMAL CLASSIFICATION NUMBER
Classification number 921
100 ## - MAIN ENTRY--PERSONAL NAME
Personal name Sarma, Gadiyaram Ramakrishna
245 ## - TITLE STATEMENT
Title Hundred-Petalled Lotus/
Statement of responsibility, etc Gadiyaram Ramakrishna Sarma : Translated By M.V Chalapathi Rao
260 ## - PUBLICATION, DISTRIBUTION, ETC. (IMPRINT)
Place of publication, distribution, etc New Delhi
Name of publisher, distributor, etc Sahitya Akademi
Date of publication, distribution, etc 2017
270 ## - ADDRESS
Address Rabindra Bhavan, 35, Ferozeshah Road
City New Delhi
Postal code 110001
Electronic mail address www.sahitya-akademi.gov.in
300 ## - PHYSICAL DESCRIPTION
Extent xxiv,351p.
Dimensions 22cm(pbk)
Other physical details Appendix
700 ## - ADDED ENTRY--PERSONAL NAME
Personal name Rao,M.V Chalapathi
942 ## - ADDED ENTRY ELEMENTS (KOHA)
Source of classification or shelving scheme Dewey Decimal Classification
Item type English Books
Classification part 921
Call number suffix SAR
Holdings
Withdrawn status Lost status Not for loan Collection code Home library Current library Date acquired Source of acquisition Cost, normal purchase price Full call number Barcode Copy number Cost, replacement price Koha item type
      Non-fiction Ashok Vihar Ashok Vihar 23/06/2022 DBAD/PUB 275.00 921 SAR EN-116871 1 275.00 English Books

© Delhi Public Library
Hit Counter
free hit counter